| 000 | 00670nam a22002171a 4500 | ||
|---|---|---|---|
| 999 |
_c2384 _d2384 |
||
| 001 | 2384 | ||
| 003 | BD-JhCC | ||
| 005 | 20180217105704.0 | ||
| 008 | 171101s2013 bg |||| ||a| 000 0 ben d | ||
| 035 | _a(BD-JhCC)2384 | ||
| 040 |
_aBD-JhCC _dBD-JhCC |
||
| 041 | _aben | ||
| 082 |
_a305.00095492 _bRHM 2013 |
||
| 100 | _aরহমান,আতিকুর | ||
| 245 |
_aপর্বত প্রকাশ (অনুসন্ধান) / _cআতিকুর রহমান |
||
| 260 |
_aঢাকা : _bপর্বত প্রকাশনী, _c২০১৩. |
||
| 300 |
_a284 p.: _c22 cm. |
||
| 650 | _aChittagong Hill Tracts | ||
| 942 |
_2ddc _cBK |
||